书目信息 |
| 题名: |
当代自然科学正在酝酿新的重大突破
|
|
| 作者: | 郑关林 编 | |
| 分册: | ||
| 出版信息: | 北京 科学技术文献出版社 1979 |
|
| 页数: | 155页 | |
| 开本: | 19cm | |
| 丛书名: | ||
| 单 册: | ||
| 中图分类: | N11 , G3-49 | |
| 科图分类: | ||
| 主题词: | 自然科学--研究--概论 | |
| 电子资源: | ||
| ISBN: | ||
| 000 | 00674nam0 2200241 45 | |
| 001 | 0179007001 | |
| 005 | 20040505163456.0 | |
| 010 | @dCNY0.45 | |
| 091 | @a17176.158 | |
| 100 | @a19950814d1979 em y0chiy0121 ea | |
| 101 | 0 | @achi |
| 102 | @aCN@b110000 | |
| 105 | @ay z 000yy | |
| 106 | @ar | |
| 200 | 10 | @a当代自然科学正在酝酿新的重大突破@Adang dai zi ran ke xue zheng zai yun niang xin de zhong da tu po@f郑关林编 |
| 210 | @a北京@c科学技术文献出版社@d1979 | |
| 215 | @a155页@d19cm | |
| 606 | @a自然科学@x研究@x概论 | |
| 690 | @aN11@v3 | |
| 690 | @aG3-49 | |
| 701 | 0 | @a郑关林@Azheng guan lin@4编 |
| 801 | 0 | @aCN@bNLC@c20040505 |
| 905 | @f1@b26736@dG3-49@e4:3 | |
| 当代自然科学正在酝酿新的重大突破/郑关林编.-北京:科学技术文献出版社,1979 |
| 155页;19cm |
| ISBN :CNY0.45 |
| ● |
| 相关链接 |
|
|
|
|
正题名:当代自然科学正在酝酿新的重大突破
索取号:G3-49/4:3
 
预约/预借
| 序号 | 登录号 | 条形码 | 馆藏地/架位号 | 状态 | 备注 |
| 1 | 0026736 | 000988863 | 第一样本阅览室/ [索取号:G3-49/4:3] | 在馆 |